Richest Soccer / Football Players - Statistics

General Stats
  • This quiz has been taken 83 times
  • The average score is 5 of 10
Answer Stats
$$$ Hint Answer % Correct
780M Portugese Cristiano Ronaldo
100%
625M Argentine Lionel Messi
99%
310M Brazilian Neymar
85%
630M English David Beckham
73%
235M French Kylian Mbappe
73%
300M Played in MLS Zlatan Ibrahimovic
33%
31.2B Thai Faiq Bolkiah
14%
21.8B French, Played for Arsenal Mathieu Flamini
11%
250M Brazilian Ronaldo Nazario
11%
345M English Buisnessman Dave Whelan
1%
No matching quizzes found
Score Distribution
Percent of People with Each Score
Percentile by Number Answered
Your Score History
You have not taken this quiz